Trabalho e regulação : (Record no. 246)

MARC details
000 -LÍDER
Campo Fixo de Controle 00779cam a2200253 a 4500
001 - NÚMERO DE CONTROLE
Campo de Controle 246
003 - IDENTIFICAÇÃO DO NÚMERO DE CONTROLE
Campo de Controle BR-CuiBMT
005 - DATA E HORA DA ÚLTIMA ATUALIZAÇÃO
Campo de Controle 20231110002944.0
008 - DADOS FIXOS
Dados Fixos 230913s2012 mgb 000 0 por d
020 ## - INTERNATIONAL STANDARD BOOK NUMBER
Nº do ISBN 9788577005666
040 ## - AGÊNCIA CATALOGADORA
Código da Agência Catalogadora BR-CuiBMT
Agência que transcreveu o registro BR-CuiBMT
080 ## - Nº DA CLASSIFICAÇÃO DECIMAL UNIVERSAL
Nº edição CDU 2007
Nº Class. CDU 349.2
090 ## - NÚMERO DE CHAMADA
Nº classificação 349.2
Cutter T758
245 00 - TÍTULO PRINCIPAL
Título principal Trabalho e regulação :
Subtítulo as lutas e as condições materiais da democracia /
Indicação de responsabilidade Wilson Ramos Filho, coordenador.
260 ## - PUBLICAÇÃO, DISTRIBUIÇÃO, ETC.
Local de publicação Belo Horizonte :
Editora Fórum,
Data 2012.
300 ## - DESCRIÇÃO FÍSICA
N. páginas ou volumes v. :
Ilustrações il. ;
Dimensões 22 cm
500 ## - NOTAS GERAIS
Notas gerais Vários colaboradores.
504 ## - NOTA DE BIBLIOGRAFIA, ETC.
Nota de bibliografia Inclui bibliografia.
650 ## - ASSUNTO TÓPICO
Cabeçalho tópico ou nome geográfico Direito do trabalho
Subdivisão geográfica Brasil
650 ## - ASSUNTO TÓPICO
Cabeçalho tópico ou nome geográfico Relações trabalhistas
Subdivisão geográfica Brasil
650 ## - ASSUNTO TÓPICO
Cabeçalho tópico ou nome geográfico Sindicalismo
Subdivisão geográfica Brasil
700 1# - ENTRADA SECUNDÁRIA -- NOME PESSOAL
Nome pessoal Ramos Filho, Wilson
Cód. do termo explicativo coord.
942 ## - ELEMENTOS DE ENTRADA ADICIONAIS (KOHA)
Fonte de classificação ou esquema de arquivamento Classificação Decimal Universal
Tipo de item do Koha Livros
Holdings
Estado: removido Estado: perdido Fonte de classificação ou esquema de arquivamento Estado: danificado Indisponível para empréstimo Localização permanente Localização atual Data de aquisição Numeração serial ou cronológica (Volume) Total Checkouts Número de Chamada completo Código de barras Date last seen Número do exemplar Preço efetivo a partir de Tipo de item (Koha)
    Classificação Decimal Universal     Biblioteca da Escola Superior de Contas do TCE/MT Biblioteca da Escola Superior de Contas do TCE/MT 28/07/2023 v. 1   349.2 T758 BIBTCEMT23090029 13/09/2023 Ex. 1 13/09/2023 Livros

Powered by Koha